000 00374nam a22001337a 4500
008 230605b xxu||||| |||| 00| 0 eng d
020 _a9966767428
082 _a316.6762
_bKNB
110 _d2012
245 _aStatistical Abstract 2012
_cKenya National Bureau of Statistics
260 _aNairobi
_bKenya National Bureau of Statistics
_c2012
300 _a299 p
942 _2ddc
_cBK
999 _c219
_d219